| 000 | 00332nam a22001337a 4500 | ||
|---|---|---|---|
| 008 | 230704b xxu||||| |||| 00| 0 eng d | ||
| 020 | _a185521279X | ||
| 082 |
_a361.6 _bBOC 1992 |
||
| 100 | _cH.M. Bochel | ||
| 245 | _aParliament and Welfare Policy | ||
| 260 |
_bDarthmouth Publishing _c1992 |
||
| 300 | _aVII,155p | ||
| 942 |
_2ddc _cBK |
||
| 999 |
_c3873 _d3873 |
||